Great Book Series Quiz Stats

Quiz not verified by Sporcle

Also try: Puck's Monologue
Challenge
Share
Tweet
Embed
Score 0/82 Timer 10:00
0 Plays Today
% Correct
Harry Potter and the Prisoner of Azkaban
93.3%
Twilight
86.7%
New Moon
86.7%
Eclipse
86.7%
Breaking Dawn
86.7%
Harry Potter and the Sorcerer's Stone
86.7%
Harry Potter and the Chamber of Secrets
86.7%
Harry Potter and the Half-Blood Prince
86.7%
The Lion, The Witch, and the Wardrobe
86.7%
The Return of the King
86.7%
Harry Potter and the Goblet of Fire
80%
Harry Potter and the Order of the Phoenix
80%
Harry Potter and the Deathly Hallows
80%
The Fellowship of the Ring
80%
The Two Towers
80%
The Lightning Thief
73.3%
Inkheart
66.7%
Northern Lights
66.7%
The Magician's Nephew
66.7%
The Voyage of the Dawn Treader
66.7%
The Last Battle
60%
The bad beginning
53.3%
The Subtle Knife
46.7%
The Amber Spyglass
46.7%
Eragon
46.7%
The Silver Chair
46.7%
Inkdeath
40%
The reptile room
40%
% Correct
The ersatz elevator
40%
The end
40%
Inkspell
33.3%
Eldest
33.3%
The wide window
33.3%
The austere academy
33.3%
The vile village
33.3%
The slippery slope
33.3%
The penultimate peril
33.3%
The Horse and his boy
33.3%
The miserable mill
26.7%
The hostile hospital
26.7%
The Last Olympian
26.7%
Swiftly Tilting Planet
26.7%
A Wrinkle in Time
26.7%
Brisingr
20%
The carnivorous carnival
20%
The grim grotto
20%
Molly Moon Stops the World
20%
The Sea of Monsters
20%
The Titan's Curse
20%
The Clan of the Cave Bear
20%
Many Waters
20%
Molly Moon's Incredible Book of Hypnotism
13.3%
Molly Moon's Hypnotic Time Travel adventure
13.3%
Molly Moon, Micky Minus and the mind machine
13.3%
The Gypsy Crown
13.3%
The Silver Horse
13.3%
% Correct
The Herb of Grace
13.3%
The Cat's eye shell
13.3%
The Butterfly in Amber
13.3%
The Battle of the Labyrinth
13.3%
The Valley of the Horses
13.3%
The Mammoth Hunters
13.3%
The Plains of Passage
13.3%
The Shelters of Stone
13.3%
The Land of the Painted Caves
13.3%
A Wind in the Door
13.3%
The Lightning Bolt
6.7%
The Maze of Bones
6.7%
One False Note
6.7%
The Sword Thief
6.7%
Beyond the Grave
6.7%
In too Deep
6.7%
The Viper's nest
6.7%
The Emperor's Code
6.7%
Into the Gauntlet
6.7%
The Field Guide
6.7%
Lucinda's Secret
6.7%
The Ironwood Tree
6.7%
The Seeing Stone
6.7%
The Black Circle
0%
The Wrath of Mulgrath
0%
Storm Warning
0%

You're not logged in!

Compare scores with friends on all Sporcle quizzes.
Sign Up with Email
OR
Log In

You Might Also Like...

Show Comments

Extras

Top Quizzes Today


Score Distribution

Your Account Isn't Verified!

In order to create a playlist on Sporcle, you need to verify the email address you used during registration. Go to your Sporcle Settings to finish the process.

Report this User

Report this user for behavior that violates our Community Guidelines.

Details: